| 000 | 00465 a2200145 4500 | ||
|---|---|---|---|
| 020 | _a1593850751 | ||
| 020 | _a1572306904 (pbk.) | ||
| 082 | _a519.535 KLI | ||
| 100 | _aKline, Rex B. | ||
| 245 |
_aPrinciples and practice of structural equation modeling _cRex B. Kline. |
||
| 250 | _a2nd ed. | ||
| 260 |
_aNew York : _bGuilford Press, _cc2005. |
||
| 300 |
_axviii, 366 p. ; _c23 cm. |
||
| 650 | _aStructural equation modeling. | ||
| 650 |
_aSocial sciences _xStatistical methods _xData processing. |
||
| 999 |
_c554 _d554 |
||